[Event "Titled Tuesday intern op 14th Nov Early"]
[Site "Chess.com INT"]
[Date "2023.11.14"]
[Round "4"]
[White "Mende, Andreas"]
[Black "Kashtanov, Ruslan"]
[Result "0-1"]
[WhiteElo "2106"]
[BlackElo "2357"]
[PlyCount "70"]
[EventDate "2023.11.14"]
[EventType "swiss (blitz)"]
[EventRounds "11"]
[EventCountry "USA"]
[SourceTitle "CB47_2023"]
[SourceDate "2023.11.22"]
[SourceVersion "1"]
[SourceVersionDate "2023.11.22"]
[SourceQuality "1"]

1. c4 c6 2. g3 d5 3. Nf3 Nf6 4. Bg2 Bf5 5. Qb3 Qb6 6. Qxb6 axb6 7. cxd5 cxd5 8. d3 e6 9. 0-0 h6 10. Nc3 Nc6 11. Nb5 Kd7 12. Be3 Bc5 13. Nfd4 Bg6 14. a3 Ng4 15. Nxc6 bxc6 16. Bxc5 bxc5 17. Nc3 Rhb8 18. Rab1 c4 19. Rfd1 cxd3 20. e4 Ne5 21. f4 Nc4 22. f5 Bh5 23. Rxd3 Nxb2 24. Rxb2 Rxb2 25. exd5 exd5 26. Nxd5 cxd5 27. Rxd5+ Ke7 28. f6+ gxf6 29. Rxh5 Rxa3 30. Rf5 Raa2 31. Bf1 Rxh2 32. Rf3 Rhc2 33. Re3+ Kf8 34. Rf3 Kg7 35. Re3 Ra1 0-1

[Event "Titled Tuesday intern op 06th Jun Late"]
[Site "Chess.com INT"]
[Date "2023.06.06"]
[Round "8"]
[White "Kashtanov, Ruslan"]
[Black "Mizzi, Jack"]
[Result "0-1"]
[WhiteElo "2376"]
[BlackElo "1986"]
[PlyCount "50"]
[EventDate "2023.06.06"]
[EventType "swiss (blitz)"]
[EventRounds "11"]
[EventCountry "USA"]
[SourceTitle "EXT 2024"]
[Source "ChessBase"]
[SourceDate "2023.10.10"]
[SourceVersion "1"]
[SourceVersionDate "2023.10.10"]
[SourceQuality "1"]

1. d4 Nf6 2. c4 e6 3. g3 d5 4. Bg2 dxc4 5. Qa4+ Nbd7 6. Nf3 a6 7. Nc3 c5 8. 0-0 Be7 9. dxc5 Bxc5 10. Qxc4 b5 11. Qh4 Bb7 12. b4 Be7 13. Bg5 h6 14. Rac1 0-0 15. Rfd1 hxg5 16. Nxg5 Bxg2 17. Kxg2 a5 18. Nce4 Re8 19. Nxf6+ Bxf6 20. Qh7+ Kf8 21. Ne4 Ke7 22. Nxf6 gxf6 23. Qe4 Rc8 24. Qb7 Rxc1 25. Rxc1 Qa8 0-1

[Event "Titled Tuesday intern op 04th Apr Early"]
[Site "Chess.com INT"]
[Date "2023.04.04"]
[Round "7"]
[White "Kashtanov, Ruslan"]
[Black "Levitan, Caleb Levi"]
[Result "1-0"]
[WhiteElo "2376"]
[BlackElo "2065"]
[PlyCount "131"]
[EventDate "2023.04.04"]
[EventType "swiss (blitz)"]
[EventRounds "11"]
[EventCountry "USA"]
[SourceTitle "EXT 2024"]
[Source "ChessBase"]
[SourceDate "2023.10.10"]
[SourceVersion "1"]
[SourceVersionDate "2023.10.10"]
[SourceQuality "1"]

1. d4 d5 2. c4 e6 3. Nf3 Nf6 4. g3 dxc4 5. Bg2 Bb4+ 6. Bd2 c5 7. dxc5 Bxc5 8. 0-0 0-0 9. Qc2 Nbd7 10. Qxc4 a6 11. Nc3 b5 12. Qh4 Bb7 13. Rfd1 Qb6 14. Be1 Rfd8 15. Rac1 Rac8 16. b4 Be7 17. a4 Nd5 18. Nxd5 Bxh4 19. Nxb6 Nxb6 20. Nxh4 Bxg2 21. Kxg2 Nxa4 22. Rxd8+ Rxd8 23. Rc6 g6 24. Rxa6 Rd1 25. Nf3 e5 26. e4 Kg7 27. Bd2 f6 28. Ra7+ Kg8 29. Bh6 Rd8 30. Rg7+ Kh8 31. Rf7 Nc3 32. Nd2 Na2 33. Rxf6 Nxb4 34. Nf3 Nd3 35. Ng5 Kg8 36. Ne6 Rb8 37. Nc7 b4 38. Nd5 b3 39. Nc3 b2 40. Nb1 Nc5 41. f3 Nd7 42. Rd6 Nc5 43. Kh3 Na4 44. Rd3 Rc8 45. Ra3 Rc1 46. Rxa4 Rxb1 47. Rb4 Kf7 48. Rb6 Ke7 49. Kg4 Kf7 50. Kg5 Ke7 51. g4 Kf7 52. h4 Ke7 53. Rb5 Ke6 54. Rb6+ Ke7 55. Bg7 Kf7 56. Bxe5 h6+ 57. Kxh6 Rh1 58. Rxb2 Rxh4+ 59. Kg5 Rxg4+ 60. Kxg4 Ke6 61. f4 Kd7 62. Rb5 g5 63. Rd5+ Ke6 64. Kxg5 Kf7 65. Rd6 Ke8 66. Kf6 1-0

[Event "Titled Tuesday intern op 04th Apr Early"]
[Site "Chess.com INT"]
[Date "2023.04.04"]
[Round "8"]
[White "Yarullina, Alina"]
[Black "Kashtanov, Ruslan"]
[Result "0-1"]
[WhiteElo "2084"]
[BlackElo "2376"]
[PlyCount "98"]
[EventDate "2023.04.04"]
[EventType "swiss (blitz)"]
[EventRounds "11"]
[EventCountry "USA"]
[SourceTitle "EXT 2024"]
[Source "ChessBase"]
[SourceDate "2023.10.10"]
[SourceVersion "1"]
[SourceVersionDate "2023.10.10"]
[SourceQuality "1"]

1. e4 c5 2. Nf3 d6 3. d4 cxd4 4. Nxd4 Nf6 5. Nc3 a6 6. f3 e6 7. Be3 b5 8. Qd2 Nbd7 9. 0-0-0 b4 10. Na4 Qc7 11. Kb1 Rb8 12. g4 h6 13. h4 Ne5 14. b3 Bd7 15. Nb2 d5 16. Bg2 dxe4 17. fxe4 Nfxg4 18. Bf4 Qc3 19. Bxe5 Qxd2 20. Rxd2 Nxe5 21. Rf1 Be7 22. Rff2 Bxh4 23. Rf1 Bg5 24. Re2 h5 25. Bh3 h4 26. Rd1 Bf6 27. Rf1 Ke7 28. Rd1 g5 29. Rg2 Rhg8 30. Bg4 Nxg4 31. Rxg4 Bxd4 32. Rxd4 e5 33. Rxd7+ Kxd7 34. Nc4 f6 35. Rg2 Ke6 36. Kc1 Rbd8 37. Rf2 g4 38. Ne3 g3 39. Rf1 h3 40. Nf5 g2 41. Rg1 h2 42. Rxg2 h1Q+ 43. Kb2 Qxg2 44. Ne3 Qe2 45. Nc4 Rd4 46. Ka1 Qxe4 47. Nd2 Rxd2 48. Kb2 Qxc2+ 49. Ka1 Qc1# 0-1

[Event "Titled Tuesday intern op 28th Mar Early"]
[Site "Chess.com INT"]
[Date "2023.03.28"]
[Round "4"]
[White "Kashtanov, Ruslan"]
[Black "Al Tarbosh, Ward"]
[Result "0-1"]
[WhiteElo "2376"]
[BlackElo "2283"]
[PlyCount "49"]
[EventDate "2023.03.28"]
[EventType "swiss (blitz)"]
[EventRounds "11"]
[EventCountry "USA"]
[SourceTitle "EXT 2024"]
[Source "ChessBase"]
[SourceDate "2023.10.10"]
[SourceVersion "1"]
[SourceVersionDate "2023.10.10"]
[SourceQuality "1"]

1. e4 b6 2. d4 Bb7 3. Bd3 e6 4. Nf3 c5 5. Qe2 cxd4 6. Nxd4 Nc6 7. Nxc6 Bxc6 8. 0-0 Ne7 9. f4 g6 10. f5 gxf5 11. exf5 Rg8 12. g3 Nd5 13. Be4 Bc5+ 14. Kh1 Ne3 15. Bxc6 Nxf1 16. Bxa8 Nxg3+ 17. hxg3 Rxg3 18. Qe4 Rg1+ 19. Kh2 Rxc1 20. fxe6 dxe6 21. Bc6+ Kf8 22. b4 Qd6+ 23. Kg2 Rg1+ 24. Kf3 Qg3+ 25. Ke2 0-1

[Event "Titled Tuesday intern op 28th Mar Early"]
[Site "Chess.com INT"]
[Date "2023.03.28"]
[Round "7"]
[White "Kashtanov, Ruslan"]
[Black "Demin, Vladimir"]
[Result "1-0"]
[WhiteElo "2376"]
[BlackElo "2430"]
[PlyCount "47"]
[EventDate "2023.03.28"]
[EventType "swiss (blitz)"]
[EventRounds "11"]
[EventCountry "USA"]
[SourceTitle "EXT 2024"]
[Source "ChessBase"]
[SourceDate "2023.10.10"]
[SourceVersion "1"]
[SourceVersionDate "2023.10.10"]
[SourceQuality "1"]

1. e4 e5 2. Nf3 Nc6 3. d4 exd4 4. Bc4 Nf6 5. e5 d5 6. Bb5 Nd7 7. 0-0 Be7 8. Bxc6 bxc6 9. Nxd4 Nb8 10. Nc3 0-0 11. Re1 c5 12. Ndb5 a6 13. Qxd5 axb5 14. Qxa8 Bd7 15. Qd5 Qc8 16. a4 b4 17. Ne4 Bc6 18. Qc4 Nd7 19. e6 Ne5 20. exf7+ Rxf7 21. Qe2 Qf5 22. Ng3 Nf3+ 23. Qxf3 Qxc2 24. Qe2 1-0

[Event "Titled Tuesday intern op 20th Dec Early"]
[Site "Chess.com INT"]
[Date "2022.12.20"]
[Round "5"]
[White "Gubajdullin, Alexey"]
[Black "Kashtanov, Ruslan"]
[Result "1-0"]
[WhiteElo "2300"]
[BlackElo "2376"]
[PlyCount "77"]
[EventDate "2022.12.20"]
[EventType "swiss (blitz)"]
[EventRounds "11"]
[EventCountry "USA"]
[SourceTitle "EXT 2024"]
[Source "ChessBase"]
[SourceDate "2023.10.10"]
[SourceVersion "1"]
[SourceVersionDate "2023.10.10"]
[SourceQuality "1"]

1. d4 Nf6 2. Nf3 g6 3. Bf4 Bg7 4. e3 0-0 5. Be2 d6 6. 0-0 Nc6 7. h3 h6 8. Bh2 Ne4 9. c3 f5 10. Nbd2 g5 11. a4 Nxd2 12. Nxd2 e5 13. a5 a6 14. Nc4 e4 15. d5 Ne7 16. Ra4 Ng6 17. Rb4 f4 18. Bg4 f3 19. gxf3 exf3 20. Qd3 Nh4 21. Qe4 Re8 22. Be6+ Bxe6 23. dxe6 d5 24. Qg4 dxc4 25. Rxb7 Rc8 26. Qxc4 Qe7 27. Qxa6 Qxe6 28. Qxe6+ Rxe6 29. Rxc7 Rd8 30. Ra1 Be5 31. Bxe5 Rxe5 32. a6 Rb5 33. a7 Ra8 34. b4 Nf5 35. Ra4 Nd6 36. c4 Re5 37. b5 Nxb5 38. cxb5 Rxb5 39. Rac4 1-0

[Event "Titled Tuesday intern op 06th Dec Early"]
[Site "Chess.com INT"]
[Date "2022.12.06"]
[Round "6"]
[White "Kashtanov, Ruslan"]
[Black "Palacio, Igor Da Paz"]
[Result "1/2-1/2"]
[WhiteElo "2376"]
[BlackElo "2172"]
[PlyCount "120"]
[EventDate "2022.12.06"]
[EventType "swiss (blitz)"]
[EventRounds "11"]
[EventCountry "USA"]
[SourceTitle "CBM 211 Extra"]
[Source "ChessBase"]
[SourceDate "2023.01.31"]
[SourceVersion "1"]
[SourceVersionDate "2023.01.31"]
[SourceQuality "1"]

1. d4 Nf6 2. c4 g6 3. Nc3 Bg7 4. e4 d6 5. h3 0-0 6. Bg5 h6 7. Be3 Na6 8. Nf3 c5 9. d5 Nc7 10. Qd2 Kh7 11. Bd3 Nd7 12. 0-0 b6 13. a3 Rb8 14. b4 a5 15. bxa5 bxa5 16. Rab1 Ba6 17. Na4 Rxb1 18. Rxb1 Na8 19. Qe1 Qc7 20. Bd2 Rb8 21. Bxa5 Rxb1 22. Bxb1 Qb7 23. Nd2 Bd4 24. Qc1 Ne5 25. Bc3 Bxc3 26. Nxc3 Nxc4 27. Nxc4 Bxc4 28. e5 Bxd5 29. Nxd5 Qxd5 30. exd6 exd6 31. h4 Nb6 32. g3 Qc4 33. Qe3 Kg7 34. Bd3 Qb3 35. h5 Qxa3 36. hxg6 Qa1+ 37. Kg2 Qf6 38. gxf7 Qxf7 39. Qe4 Qd5 40. Kf3 Qxe4+ 41. Kxe4 d5+ 42. Ke5 c4 43. Bc2 c3 44. Kd4 Kf6 45. Kxc3 Ke5 46. Kd3 Nd7 47. Ke3 Nf6 48. f4+ Kd6 49. Kf3 Kc5 50. g4 d4 51. g5 hxg5 52. fxg5 Ng8 53. Ke4 Kc4 54. Bd3+ Kc3 55. Bb1 Ne7 56. Ke5 d3 57. Bxd3 Kxd3 58. Ke6 Ng6 59. Kf6 Nh4 60. g6 Nxg6 1/2-1/2

[Event "Titled Tuesday intern op 20th Sep Late"]
[Site "Chess.com INT"]
[Date "2022.09.20"]
[Round "3"]
[White "Kashtanov, Ruslan"]
[Black "Barria Zuniga, Daniel"]
[Result "0-1"]
[WhiteElo "2376"]
[BlackElo "2341"]
[PlyCount "48"]
[EventDate "2022.09.20"]
[EventType "swiss (blitz)"]
[EventRounds "11"]
[EventCountry "USA"]
[SourceTitle "EXT 2023"]
[Source "ChessBase"]
[SourceDate "2022.10.05"]
[SourceVersion "1"]
[SourceVersionDate "2022.10.05"]
[SourceQuality "1"]

1. d4 g6 2. c4 Bg7 3. Nc3 c5 4. d5 Bxc3+ 5. bxc3 Qa5 6. e4 Nf6 7. f3 d6 8. Bd3 Nbd7 9. Ne2 Ne5 10. 0-0 0-0 11. h3 b5 12. cxb5 a6 13. c4 axb5 14. cxb5 Bd7 15. Bd2 Qb6 16. Be3 Nxd3 17. Qxd3 Bxb5 18. Qb3 Qa6 19. Ng3 Bxf1 20. Nxf1 Rfb8 21. Qc2 Qa4 22. Qf2 Qa3 23. Bg5 Qb2 24. Qh4 Qxa1 0-1